[Event "La Pampa op"]
[Site "La Pampa"]
[Date "2022.03.06"]
[Round "6"]
[White "Tobares Dilascio, Oriana Helena"]
[Black "Etchepareborda, Juan"]
[Result "1-0"]
[WhiteElo "1206"]
[BlackElo "1628"]
[PlyCount "31"]
[EventDate "2022.03.04"]
[EventType "swiss"]
[EventRounds "7"]
[EventCountry "ARG"]
[SourceTitle "CBM 207 Extra"]
[Source "ChessBase"]
[SourceDate "2022.05.31"]
[SourceVersion "1"]
[SourceVersionDate "2022.05.31"]
[SourceQuality "1"]

1. e4 g6 2. d4 Bg7 3. Nf3 d6 4. Bd3 Nc6 5. c3 Nf6 6. 0-0 0-0 7. Re1 Re8 8. h3 e5 9. Bg5 b6 10. Bb5 Bd7 11. d5 Ne7 12. Bxd7 Qxd7 13. Na3 h6 14. Bxf6 Bxf6 15. Qd2 Kh7 16. Nc2 1-0